Вып. 31; Резание и инструмент

Bibliographische Detailangaben
Parent link:Резание и инструмент: республиканский межведомственный научно-технический сборник/ Харьковский политехнический институт (ХПИ). Вып. 31.— , 1966-1992.— 0370-808X
Sprache:Russisch
Veröffentlicht: 1984
Schlagworte:
Format: MixedMaterials Buch
KOHA link:https://koha.lib.tpu.ru/cgi-bin/koha/opac-detail.pl?biblionumber=296005

MARC

LEADER 00000nam2a2200000 4500
001 296005
005 20231102000850.0
035 |a (RuTPU)RU\TPU\book\321098 
035 |a RU\TPU\book\124987 
090 |a 296005 
100 |a 20150527d1984 k y0rusy5003 ca 
101 0 |a rus 
102 |a UA 
105 |a a z 001zy 
200 0 |a Вып. 31  |f отв. ред. П. Р. Родин 
210 |d 1984 
215 |a 116 с.  |c ил. 
320 |a Библиография в конце статей 
461 1 |0 (RuTPU)RU\TPU\book\29055  |x 0370-808X  |t Резание и инструмент  |o республиканский межведомственный научно-технический сборник  |f Харьковский политехнический институт (ХПИ)  |v Вып. 31  |d 1966-1992 
606 1 |a Резание материалов  |2 stltpush  |3 (RuTPU)RU\TPU\subj\24497  |9 48835 
610 1 |a режущие инструменты 
610 1 |a металлы 
610 1 |a шлифование 
610 1 |a очистка 
610 1 |a технологические жидкости 
610 1 |a алмазные круги 
610 1 |a рельеф 
610 1 |a динамика 
610 1 |a формообразование 
610 1 |a алмазно-абразивные инструменты 
675 |a 621.91  |z rus  |v 4 
801 0 |a RU  |b RuMRKP  |c 19950417  |g psbo 
801 1 |a RU  |b 63413507  |c 20070510  |g PSBO 
801 2 |a RU  |b 63413507  |c 20181029  |g PSBO 
942 |c BK